01422cam a2200397 i 4500008004100000020002900041040001500070049000900085090001400094245014100108250001900249264005100268300002800319336002600347337002800373338002700401500001900428504004100447650002400488650002800512650002500540650002300565650002800588650002400616700002800640700003000668700002600698700003000724700003600754907003500790003000100825005001700826942002100843999001900864952014100883  a9781455770137 (hardback) aNUSTcNUST aMAIN 4aRD57bDIF00aDifferential diagnosis in surgical pathology /c[edited by] Paolo Gattuso, Vijaya B. Reddy, Odile David, Daniel J. Spitz, Meryl H. Haber aThird edition  1aPhiladelphia, PA :bSaunders/Elsevier,c[2015] ax, 1,074 pages ;c29 cm atextbtxt2rdacontent aunmediatedbn2rdamedia avolumebnc2rdacarrier aIncludes Index aIncludes bibliographical references. 0aPathology, Surgical 0aDiagnosis, Differential12aNeoplasmsxpathology12aNeoplasmsxsurgery22aDiagnosis, Differential22aPathology, Surgical1 aGattuso, Paolo,eeditor1 aReddy, Vijaya B.,eeditor1 aDavid, Odile,eeditor1 aSpitz, Daniel J.,eeditor1 aHaber, Meryl H.,d1934-eeditor a.b10414435b01-03-22c28-02-2220230120204339.0 cBOOKSkRD57mDIF c121622d121622 r2023-01-20 00:00:00l0oRD57 DIFp92004050809v80.00w2023-01-20yBOOKS102LCC40708NFIC00aMEDICALbMEDICALcGENd2023-01-20g80.00